[Event "Barcelona GM"]
[Site "?"]
[Date "2015.11.08"]
[Round "?"]
[White "Bachmann, Axel"]
[Black "Morozevich, Alexander"]
[WhiteElo "2601"]
[BlackElo "2695"]
[Result "1-0"]

1. Nf3 d5 2. g3 g6 3. Bg2 Bg7 4. d4 Nf6 5. O-O c6 6. c4 dxc4 7. a4 Ne4 8. Qc2 Nd6 9. Na3 Bf5 10. Qc3 O-O 11. Nxc4 Re8 12. Rd1 Na6 13. b3 Be4 14. Ba3 Rc8 15. Rac1 c5 16. Nfe5 Bxg2 17. Kxg2 Qc7 18. Qf3 Nf5 19. e4 Nh6 20. g4 f6 21. Nd3 f5 22. gxf5 Bxd4 23. Nf4 e5 24. Nd5 Qd8 25. fxg6 Rc6 26. Kh1 Rxg6 27. Rg1 Kg7 28. Rxg6+ hxg6 29. Rg1 Nc7 30. Bc1 Nxd5 31. Qh5 Nf7 32. Qxg6+ Kf8 33. Qg7+ Ke7 34. Bg5+ 

1-0

[Event "Internationales Casino Open Graz A-Turnier"]
[Site "?"]
[Date "2014.02.18"]
[Round "?"]
[White "Bachmann, Axel"]
[Black "Istratescu, Andrei"]
[WhiteElo "2577"]
[BlackElo "2671"]
[Result "1-0"]

1. d4 Nf6 2. c4 g6 3. Nc3 Bg7 4. e4 O-O 5. Nf3 d6 6. h3 e5 7. d5 Na6 8. Be3 Nh5 9. Nd2 Qe8 10. a3 f5 11. Nb3 b6 12. Qc2 Qe7 13. O-O-O Nc5 14. Be2 Nxb3+ 15. Qxb3 Nf6 16. Qc2 f4 17. Bd2 Bd7 18. Kb1 a5 19. Rdg1 Kh8 20. Qd1 Be8 21. g4 fxg3 22. fxg3 c6 23. g4 cxd5 24. cxd5 Nd7 25. Bb5 Nc5 26. Qe2 Nb3 27. Rf1 Bxb5 28. Nxb5 Qd7 29. Be3 Nc5 30. Nc3 Rfc8 31. h4 b5 32. h5 gxh5 33. g5 Qg4 34. Bxc5 Rxc5 35. Rxh5 Qxe2 36. Nxe2 Rf8 37. Rfh1 Kg8 38. Rxh7 Rf2 39. R7h2 Rf3 40. Rh3 Rf2 41. R1h2 Rf1+ 42. Ka2 Re1 43. Rc3 Bf8 44. Kb3 Kg7 45. g6 Be7 46. Rg3 Bf8 47. Rh7+ 

1-0

[Event "3rd Grand Europe Open Golden Sands"]
[Site "?"]
[Date "2014.06.17"]
[Round "?"]
[White "Bachmann, Axel"]
[Black "Akopian, Vladimir"]
[WhiteElo "2619"]
[BlackElo "2667"]
[Result "1-0"]

1. Nf3 Nf6 2. c4 c5 3. Nc3 Nc6 4. d4 cxd4 5. Nxd4 e6 6. a3 Be7 7. e4 O-O 8. Nb3 b6 9. Be2 Bb7 10. Bf4 d6 11. O-O Rc8 12. Rc1 Ne5 13. Nd2 Qc7 14. Be3 Qb8 15. f4 Ng6 16. Bd3 Rfe8 17. Qe2 Qa8 18. Kh1 Rcd8 19. Bg1 Bf8 20. Rce1 d5 21. e5 Nh5 22. Bxg6 hxg6 23. cxd5 exd5 24. Bd4 Nf6 25. f5 gxf5 26. Rxf5 Ne4 27. Ref1 Qc8 28. Qe3 Nxd2 29. Qxd2 Qe6 30. h3 Rd7 31. R1f4 Bc5 32. Rh5 f6 33. Bxc5 bxc5 34. Qd3 d4 35. Na4 Qd5 36. Qh7+ Kf7 37. Rg5 Ke6 38. Rxf6+ 

1-0

[Event "World Rapid"]
[Site "?"]
[Date "2015.10.12"]
[Round "?"]
[White "Bachmann, Axel"]
[Black "Jumabayev, Rinat"]
[WhiteElo "2593"]
[BlackElo "2606"]
[Result "1-0"]

1. e4 c5 2. Nc3 Nc6 3. Bb5 Na5 4. Nf3 a6 5. Be2 b5 6. d4 cxd4 7. Nxd4 Bb7 8. Bg5 h6 9. Bh4 Rc8 10. Qd2 Nf6 11. e5 Ne4 12. Nxe4 Bxe4 13. O-O Qc7 14. Rfe1 Nc6 15. Bxb5 Bxg2 16. Bxa6 Nxd4 17. Qxd4 Bb7 18. Bxb7 Qxb7 19. a4 e6 20. a5 Bc5 21. a6 Qb5 22. Qg4 g5 23. Bg3 Qxb2 24. a7 Ra8 25. Reb1 Qc3 26. Ra4 O-O 27. Rc4 Qa3 28. Ra4 Qc3 29. Rb7 Qd2 30. Qc4 Rfc8 31. Qd3 Qc1+ 32. Kg2 Bf8 33. Qxd7 Qxc2 34. Qxf7+ Kh8 35. Qf6+ Kg8 36. Qxe6+ Kh8 37. Qf6+ Kg8 38. Rd4 Re8 39. Qf7+ Kh8 40. Rdd7 Qe4+ 41. f3 Qe2+ 42. Bf2 

1-0

[Event "3rd Ciudad de Asuncion Copa Roggio A"]
[Site "?"]
[Date "2010.05.23"]
[Round "?"]
[White "Bachmann, Axel"]
[Black "Delgado Ramirez, Neuris"]
[WhiteElo "2563"]
[BlackElo "2595"]
[Result "1-0"]

1. c4 e6 2. Nf3 Nf6 3. g3 d5 4. Bg2 dxc4 5. O-O Nbd7 6. Qa4 a6 7. Qxc4 b5 8. Qc2 Bb7 9. b3 Be7 10. Bb2 O-O 11. d3 c5 12. Nbd2 Rc8 13. Rac1 Nd5 14. a3 N5b6 15. e4 Bf6 16. e5 Be7 17. Rfe1 Bd5 18. Ne4 Nb8 19. Nc3 Ba8 20. Qe2 Nc6 21. Ne4 Na5 22. Nfd2 Bd5 23. Qg4 Bxe4 24. Nxe4 Kh8 25. Nd6 Rb8 26. Rxc5 Nxb3 27. Rc2 Na4 28. Qb4 Nxb2 29. Qxb3 Bxd6 30. exd6 Na4 31. Rc6 Qd7 32. Qb4 Rfd8 33. Qd4 a5 34. Rb1 h6 35. h4 Kg8 36. Kh2 Kh8 37. Rbc1 b4 38. axb4 axb4 39. Rb1 e5 40. Qc4 Rb6 41. Qc2 Qa7 42. Rc7 Qa5 43. Rc8 Rxd6 44. Rxd8+ Rxd8 45. Ra1 b3 46. Qxb3 Nc5 47. Rxa5 Nxb3 48. Rxe5 Kg8 49. Bd5 Nc1 50. Bc4 Nxd3 51. Re7 Nxf2 52. Rxf7 Ng4+ 53. Kh3 Ne5 54. Rd7+ Nxc4 55. Rxd8+ Kf7 56. g4 Ne5 57. Kg3 Kf6 58. Rd6+ Ke7 59. Ra6 Kf7 60. h5 Ke7 61. Kf4 Nf7 62. Kf5 

1-0

[Event "1nd Champions Challenge 1"]
[Site "?"]
[Date "2005.09.10"]
[Round "?"]
[White "Bachmann, Axel"]
[Black "Erenburg, Sergey"]
[WhiteElo "2410"]
[BlackElo "2595"]
[Result "1-0"]

1. e4 c6 2. d3 d5 3. Nd2 Qc7 4. Ngf3 Bg4 5. g3 e6 6. Bg2 Nd7 7. O-O Ngf6 8. Re1 dxe4 9. dxe4 Bc5 10. Nc4 O-O 11. Bf4 Bxf3 12. Bxc7 Bxd1 13. Raxd1 Rac8 14. Bf4 Rfd8 15. Nd6 Bxd6 16. Bxd6 Nb6 17. b3 Rd7 18. e5 Ne8 19. c4 Rcd8 20. c5 Nd5 21. Bxd5 cxd5 22. Rc1 Nc7 23. a4 Na6 24. c6 bxc6 25. Rxc6 Nb8 26. Rc5 Rb7 27. Rec1 Rbd7 28. Rc8 Na6 29. Be7 

1-0

[Event "Aeroflot Open A"]
[Site "?"]
[Date "2016.03.09"]
[Round "?"]
[White "Bachmann, Axel"]
[Black "Dragun, Kamil"]
[WhiteElo "2609"]
[BlackElo "2594"]
[Result "1-0"]

1. e4 c5 2. Nf3 d6 3. c3 Nf6 4. h3 Nc6 5. Bd3 d5 6. e5 Nd7 7. Bb5 Qb6 8. Ba4 c4 9. b4 a5 10. a3 e6 11. d4 cxd3 12. Bf4 Qc7 13. Nbd2 Be7 14. O-O O-O 15. Re1 Na7 16. Rc1 Nb6 17. Bb3 Nc4 18. Nb1 a4 19. Bxa4 Nb2 20. Qb3 Nxa4 21. Qxa4 Bd7 22. Qd1 Qc4 23. Be3 Qa6 24. Nd4 Ba4 25. Qg4 Rfc8 26. Bh6 g6 27. Re3 Rc7 28. Qg3 Bc2 29. Nxc2 dxc2 30. Rxc2 Qa4 31. Rc1 Nb5 32. Rf3 Nxa3 33. Nd2 Nc4 34. Qf4 Bf8 35. Bxf8 Rxf8 36. Nf1 Qa2 37. Re1 Qb2 38. h4 Nb6 39. h5 Rxc3 40. hxg6 hxg6 41. Rxc3 Qxc3 42. Re3 Qc7 43. Qh6 Ra8 44. f4 f6 45. Qxg6+ Qg7 46. Qh5 Qh7 47. Rg3+ Kh8 48. Qg4 Rg8 49. Qxe6 Rxg3 50. Nxg3 Qb1+ 51. Nf1 Qxb4 52. Qxf6+ Kg8 53. e6 Qc5+ 54. Kh2 Qf8 55. Qg5+ Kh7 56. e7 

1-0

[Event "49th Biel Master Open"]
[Site "?"]
[Date "2016.08.03"]
[Round "?"]
[White "Bachmann, Axel"]
[Black "Kunin, Vitaly"]
[WhiteElo "2649"]
[BlackElo "2592"]
[Result "1-0"]

1. c4 e5 2. g3 Nc6 3. Bg2 Bc5 4. Nc3 a6 5. e3 d6 6. Nf3 Ba7 7. d4 Nge7 8. dxe5 Nxe5 9. Nxe5 dxe5 10. Qxd8+ Kxd8 11. b3 Nc6 12. Ba3 Be6 13. Na4 Ke8 14. Bxc6+ bxc6 15. Ke2 e4 16. h3 f5 17. Bc5 Bxc5 18. Nxc5 Ke7 19. Rad1 a5 20. Rd4 Rhd8 21. Rhd1 Rxd4 22. Rxd4 g5 23. a4 h5 24. h4 gxh4 25. gxh4 Rg8 26. Nb7 Kf6 27. Rd8 Rg1 28. Rd1 Rg8 29. Rd8 Rg1 30. Rh8 Rb1 31. Rh6+ Ke7 32. Nxa5 c5 33. Nc6+ Kd7 34. Ne5+ Kd6 35. Ng6 Bg8 36. Nf4+ Ke7 37. Rg6 Bf7 38. Rc6 Rxb3 39. Rxc7+ Ke8 40. Rxc5 Rb4 41. a5 Bxc4+ 42. Kd2 Bf1 43. Kc3 Ra4 44. Rxf5 Kd7 45. Nxh5 Bh3 46. Rd5+ Kc6 47. Nf4 Bf1 48. h5 Rc4+ 49. Kd2 Bd3 50. Kd1 Bc2+ 51. Kd2 Bb3 52. Rd8 Rc2+ 53. Ke1 Rc1+ 54. Ke2 Rh1 55. Rd4 Kb5 56. Rxe4 Kxa5 57. Kf3 Bd1+ 58. Kg2 Rh4 59. f3 Bc2 60. Rc4 Bb3 61. Rc1 Rxf4 62. exf4 

1-0

[Event "Gibraltar Masters"]
[Site "?"]
[Date "2015.02.01"]
[Round "?"]
[White "Bachmann, Axel"]
[Black "Nabaty, Tamir"]
[WhiteElo "2629"]
[BlackElo "2579"]
[Result "1-0"]

1. Nf3 d5 2. c4 dxc4 3. Qa4+ Nd7 4. g3 a6 5. Qxc4 c5 6. Bg2 b5 7. Qc2 Bb7 8. O-O e6 9. a4 Ngf6 10. Nc3 b4 11. Nd1 Bd6 12. d3 O-O 13. Ne3 e5 14. Nc4 Bc7 15. Bg5 Re8 16. Nfd2 Bxg2 17. Kxg2 h6 18. Bxf6 Qxf6 19. Nb3 Qg6 20. e4 f5 21. Ne3 f4 22. Nf5 Bb6 23. a5 Ba7 24. Kh1 Kh7 25. Rg1 f3 26. Nd2 c4 27. dxc4 Nf6 28. Nxf3 Qg4 29. Kg2 Nh5 30. N3h4 Nf4+ 31. Kh1 Nh3 32. f3 Qg5 33. Rgf1 Rad8 34. Qg2 Nf2+ 35. Rxf2 Bxf2 36. Qxf2 Rd2 37. Qb6 Red8 38. Qxb4 Rc2 39. Rg1 Rdd2 40. Ng2 Rxb2 41. Qf8 Rb7 42. h4 Qg6 43. Nge3 Qe6 44. Nd5 Rf7 45. Qb4 Rd3 46. Qb6 Qd7 47. h5 Rxf3 48. Qg6+ Kh8 49. Rb1 

1-0

[Event "XLV Memorial Capablanca - Premier"]
[Site "?"]
[Date "2010.06.18"]
[Round "?"]
[White "Bachmann, Axel"]
[Black "Nogueiras Santiago, Jesus"]
[WhiteElo "2563"]
[BlackElo "2570"]
[Result "1-0"]

1. Nf3 e6 2. g3 d5 3. Bg2 g6 4. O-O Bg7 5. d4 Ne7 6. c4 Nbc6 7. Nc3 O-O 8. e3 b6 9. Re1 f5 10. b3 a5 11. Ba3 Nb4 12. Ne5 Bb7 13. f4 Qc8 14. cxd5 exd5 15. Rc1 Rd8 16. Qd2 Bf8 17. Na4 Nec6 18. Rc3 Nxe5 19. fxe5 Qd7 20. Rec1 Rdc8 21. Bf3 Rab8 22. Qg2 Kh8 23. Kh1 Ba6 24. Bxb4 Bxb4 25. Rc6 Ba3 26. R1c2 Bd3 27. R2c3 Bb4 28. Rc1 Ba3 29. R1c3 Bb4 30. e6 Qe8 31. Rc1 Be4 32. Bxe4 fxe4 33. Qf2 Bd6 34. Qf6+ Kg8 35. Qf7+ Kh8 36. Qf6+ Kg8 37. Kg2 Qd8 38. Qxd8+ Rxd8 39. Nc3 Ba3 40. Rc2 b5 41. Rxc7 

1-0

[Event "49th Biel Master Open"]
[Site "?"]
[Date "2016.07.27"]
[Round "?"]
[White "Bachmann, Axel"]
[Black "Baron, Tal"]
[WhiteElo "2649"]
[BlackElo "2557"]
[Result "1-0"]

1. d4 Nf6 2. Nf3 d5 3. Bf4 c5 4. e3 Nc6 5. c3 Qb6 6. Qb3 c4 7. Qc2 Bf5 8. Qc1 e6 9. Nbd2 Be7 10. Be2 O-O 11. h3 Rfc8 12. g4 Bd3 13. Bxd3 cxd3 14. O-O Ne4 15. Ne1 Qb5 16. f3 Nd6 17. a4 Qa6 18. Bxd6 Bxd6 19. Qb1 e5 20. Qxd3 Qb6 21. Qb5 exd4 22. exd4 Bf4 23. Rd1 Qc7 24. Qxd5 Ne7 25. Qb5 Be3+ 26. Kh1 Qg3 27. Qe2 Nd5 28. Qg2 Qh4 29. Ne4 Rc6 30. Nd3 Bh6 31. f4 Ne3 32. Qf3 Nxf1 33. Rxf1 f5 34. gxf5 Rf8 35. Ne5 Rb6 36. Ng5 Bxg5 37. fxg5 Qxg5 38. Qd5+ Kh8 39. Nf7+ Rxf7 40. Qxf7 h5 41. Rg1 Qh6 42. b4 Rf6 43. Qxb7 Kh7 44. Qe4 Qd2 45. Qg2 Qh6 46. Qg5 

1-0

[Event "TORNEO ZONAL 2.5_ ABSOLUTO_"]
[Site "?"]
[Date "2015.05.02"]
[Round "?"]
[White "Bachmann, Axel"]
[Black "Perez Ponsa, Federico"]
[WhiteElo "2630"]
[BlackElo "2533"]
[Result "1-0"]

1. c4 e5 2. Nc3 Nf6 3. g3 d5 4. cxd5 Nxd5 5. Bg2 Nb6 6. Nf3 Nc6 7. O-O Be7 8. d3 O-O 9. a3 Be6 10. b4 a5 11. b5 Nd4 12. Nxe5 Bf6 13. f4 Nb3 14. Bb2 Nxa1 15. Qxa1 Bxe5 16. fxe5 Nd5 17. Qc1 c6 18. bxc6 Nxc3 19. Qxc3 bxc6 20. Qc5 Rb8 21. Bc3 Rb5 22. Qxc6 Qb8 23. Qa6 Rc8 24. Bd4 Rc2 25. Bc6 Rb1 26. Rxb1 Qxb1+ 27. Kf2 Qb8 28. Bf3 Qd8 29. Bb6 Qd7 30. Qa8+ Rc8 31. Qxa5 h5 32. Qa7 Qb5 33. Bxh5 Qxe5 34. Bf3 Qf5 35. Qa5 Qf6 36. Kg2 Bf5 37. Bf2 Qe6 38. Bd4 Rc2 39. Kf1 Bg6 40. g4 Rc1+ 41. Kf2 Rc2 42. Qd8+ Kh7 43. Qh4+ Kg8 44. Qd8+ Kh7 45. Be3 Qe5 46. Qh4+ Kg8 47. Qd8+ Kh7 48. h4 Qh2+ 49. Ke1 Qe5 50. Kf2 Qh2+ 51. Ke1 Qe5 52. Qd4 Qxd4 53. Bxd4 f6 54. a4 Ra2 55. Bc6 Bf7 56. Bb6 Be6 57. g5 fxg5 58. hxg5 Bg4 59. e3 Kg6 60. a5 Bf5 61. d4 Kxg5 62. d5 Be4 63. Bb7 Kf6 64. d6 Ra1+ 65. Kd2 Ra2+ 66. Kc3 Rc2+ 67. Kb3 Bxb7 68. Kxc2 Ke6 69. Bc5 g5 70. Kd3 g4 71. e4 g3 72. e5 Bc6 73. Bd4 Kd5 74. a6 g2 75. a7 Ke6 76. Kc4 Kd7 77. Kc5 Be4 78. Kb6 Bd5 79. Bc5 Be4 80. e6+ Kxe6 81. Kc7 

1-0

[Event "Championship CAT Gp2"]
[Site "?"]
[Date "2015.02.14"]
[Round "?"]
[White "Bachmann, Axel"]
[Black "Guerra Mendez, Jose Angel"]
[WhiteElo "2629"]
[BlackElo "2523"]
[Result "1-0"]

1. d4 Nf6 2. c4 g6 3. Nc3 Bg7 4. e4 d6 5. Nf3 O-O 6. h3 e5 7. d5 a5 8. g4 Nfd7 9. Be3 Nc5 10. g5 c6 11. Nd2 Nba6 12. a3 Bd7 13. h4 a4 14. h5 Qa5 15. Qf3 Nc7 16. Bh3 Rfd8 17. hxg6 hxg6 18. Bxc5 Qxc5 19. Bxd7 Rxd7 20. O-O-O Re7 21. Rh4 Rf8 22. Nxa4 Qd4 23. Rdh1 f6 24. Nc3 b5 25. dxc6 bxc4 26. gxf6 Rxf6 27. Qe2 Rxf2 28. Qxc4+ Ne6 29. Qxd4 exd4 30. Nd5 Ra7 31. R4h2 Rf8 32. Kb1 d3 33. Re1 Be5 34. Rg2 Rg7 35. c7 Rc8 36. Rxg6 Rxg6 37. Ne7+ Kg7 38. Nxc8 Rg2 39. Nb6 Rxd2 40. Nc4 

1-0

[Event "World Blitz"]
[Site "?"]
[Date "2015.10.14"]
[Round "?"]
[White "Bachmann, Axel"]
[Black "Lagno, Kateryna"]
[WhiteElo "2593"]
[BlackElo "2523"]
[Result "1-0"]

1. e4 e5 2. Nf3 Nc6 3. Bc4 Bc5 4. c3 Nf6 5. d3 a6 6. Nbd2 O-O 7. Bb3 d6 8. h3 Ba7 9. Nf1 Ne7 10. g4 Ng6 11. Ng3 d5 12. g5 dxe4 13. gxf6 exf3 14. fxg7 Kxg7 15. Qxf3 h6 16. Nh5+ Kh7 17. Nf6+ Kg7 18. Rg1 Be6 19. Bxe6 fxe6 20. Bxh6+ 

1-0

[Event "33rd Zalakaros Open"]
[Site "?"]
[Date "2014.05.28"]
[Round "?"]
[White "Bachmann, Axel"]
[Black "Chernyshov, Konstantin"]
[WhiteElo "2589"]
[BlackElo "2508"]
[Result "1-0"]

1. Nf3 Nf6 2. c4 b6 3. g3 Bb7 4. Bg2 e6 5. O-O Be7 6. d4 O-O 7. Re1 Na6 8. Ne5 Bxg2 9. Kxg2 c6 10. e4 Qc8 11. Nc3 Qb7 12. Nd3 d5 13. e5 Nd7 14. cxd5 cxd5 15. Qg4 Rfe8 16. Bg5 Nb4 17. Bh6 g6 18. Nxb4 Bxb4 19. h4 Rac8 20. Re3 a6 21. h5 Bf8 22. Qf4 Bxh6 23. Qxh6 Nf8 24. Rh1 b5 25. Rf3 Qd7 26. Rh4 b4 27. Nd1 Rc7 28. Ne3 Qe7 29. Ng4 Nd7 30. Rf6 Nf8 31. Qf4 Rec8 32. Nh6+ Kg7 33. Qg5 a5 34. Rhf4 a4 35. Rf3 Rb7 36. Qd2 Rc4 37. Rxf7+ Qxf7 38. Nxf7 Rxf7 39. h6+ Kg8 40. b3 axb3 41. axb3 Rxf3 42. bxc4 Rf7 43. cxd5 Rb7 44. dxe6 Nxe6 45. d5 Nd8 46. e6 b3 47. Qg5 

1-0

[Event "Paraguayan Championship"]
[Site "?"]
[Date "2016.12.07"]
[Round "?"]
[White "Bachmann, Axel"]
[Black "Franco Ocampos, Zenon"]
[WhiteElo "2620"]
[BlackElo "2507"]
[Result "1-0"]

1. d4 d5 2. Bf4 Nf6 3. e3 e6 4. Nf3 Be7 5. c4 dxc4 6. Bxc4 c5 7. Nc3 O-O 8. O-O Nc6 9. dxc5 Bxc5 10. Qe2 h6 11. Rfd1 Qe7 12. Ne5 Bd7 13. Nxd7 Nxd7 14. Ne4 Nce5 15. Bb3 Rac8 16. Rac1 b6 17. Qh5 f5 18. Nxc5 bxc5 19. Qe2 g5 20. Bxe5 Nxe5 21. f4 c4 22. Bxc4 gxf4 23. exf4 Nxc4 24. Rxc4 Rxc4 25. Qxc4 Kf7 26. Qd4 Rc8 27. h3 Qc5 28. Qxc5 Rxc5 29. Rd7+ Kf6 30. Rxa7 Rc4 31. Rh7 Kg6 32. Rb7 Rxf4 33. b4 Rc4 34. a4 Rc1+ 35. Kf2 Rc2+ 36. Kf3 Ra2 37. a5 e5 38. Rb8 Ra3+ 39. Ke2 f4 40. Rb6+ Kf5 41. a6 Ra2+ 42. Kf1 Ke4 43. b5 Ke3 44. Kg1 e4 45. Rxh6 Ra1+ 46. Kh2 Kf2 47. Rc6 f3 48. Rc2+ Ke3 49. gxf3 Kxf3 50. Rb2 e3 51. b6 e2 52. Rxe2 Kxe2 53. b7 Kf3 54. h4 

1-0

[Event "Torneo de Maestros - C P A"]
[Site "?"]
[Date "2015.12.14"]
[Round "?"]
[White "Bachmann, Axel"]
[Black "Franco Ocampos, Zenon"]
[WhiteElo "2610"]
[BlackElo "2507"]
[Result "1-0"]

1. d4 Nf6 2. c4 e6 3. Nc3 d5 4. Nf3 Be7 5. Bf4 O-O 6. e3 c5 7. dxc5 Nc6 8. cxd5 exd5 9. Be2 Bxc5 10. O-O Be6 11. Rc1 Qe7 12. Na4 Bd6 13. Bxd6 Qxd6 14. Nc5 b6 15. Nb7 Qc7 16. Bb5 Bd7 17. Bxc6 Bxc6 18. Nd4 Qxb7 19. Rxc6 Ne8 20. Qf3 Rd8 21. Rfc1 Qe7 22. h3 Nf6 23. Qg3 Ne4 24. Qxg7+ Kxg7 25. Nf5+ Kh8 26. Nxe7 f5 27. Rc8 

1-0

[Event "33rd Zalakaros Open"]
[Site "?"]
[Date "2014.05.25"]
[Round "?"]
[White "Rapport, Richard"]
[Black "Bachmann, Axel"]
[WhiteElo "2701"]
[BlackElo "2589"]
[Result "0-1"]

1. d4 Nf6 2. Bg5 d5 3. Bxf6 gxf6 4. Nc3 c5 5. e4 dxe4 6. dxc5 Qa5 7. Qd5 a6 8. O-O-O Nc6 9. Bc4 Bh6+ 10. Kb1 O-O 11. Qxe4 Qxc5 12. Nf3 Bf5 13. Qh4 Rad8 14. Bd3 Bxd3 15. cxd3 Bg7 16. d4 Qf5+ 17. Ka1 Nb4 18. Ne1 Rd7 19. a3 Nd5 20. Ne4 Rfd8 21. Nc2 Qf4 22. Qxf4 Nxf4 23. Nc5 Rc7 24. Ne3 e6 25. Nd3 Nxd3 26. Rxd3 f5 27. Rhd1 f4 28. Nf1 Rc2 29. R3d2 Rxd2 30. Rxd2 Rxd4 31. f3 f5 32. Kb1 Kf7 33. Kc2 Rc4+ 34. Kb3 Rc7 35. g3 Be5 36. Re2 Kf6 37. g4 fxg4 38. fxg4 Rc5 39. h3 Rb5+ 40. Ka2 Bd4 41. Nh2 e5 42. b4 Rd5 43. Re4 Bc3 

0-1

[Event "Zonal 2.5 Asuncion"]
[Site "?"]
[Date "2011.05.24"]
[Round "?"]
[White "Flores, Diego"]
[Black "Bachmann, Axel"]
[WhiteElo "2611"]
[BlackElo "2551"]
[Result "0-1"]

1. c4 g6 2. Nc3 Bg7 3. g3 c5 4. Bg2 Nc6 5. Nf3 d6 6. O-O e5 7. a3 a5 8. d3 Nge7 9. Ne1 O-O 10. Nc2 Be6 11. Ne3 Rb8 12. Ned5 Nd4 13. e3 Ndf5 14. Rb1 Nxd5 15. cxd5 Bd7 16. b4 b5 17. bxc5 dxc5 18. a4 b4 19. Ne4 Qc7 20. Bb2 Nd6 21. Nd2 f5 22. Rc1 Rfc8 23. Qb3 Qd8 24. Nc4 Nxc4 25. Rxc4 Qe8 26. Ra1 g5 27. Qc2 Bf8 28. f4 exf4 29. exf4 Qe3+ 30. Kf1 Re8 31. fxg5 Bd6 32. Rd1 Bxa4 33. Qxa4 Qe2+ 34. Kg1 Qxb2 35. Qd7 Qe5 36. Rf4 Re7 37. Qxf5 Qxf5 38. Rxf5 a4 39. Rf6 Rd8 40. Bh3 a3 41. Be6+ Kh8 42. Rdf1 Ra7 43. g6 a2 44. Rf7 Rxf7 45. gxf7 b3 

0-1

[Event "3rd Rochefort France, Open"]
[Site "?"]
[Date "2014.02.22"]
[Round "?"]
[White "Solodovnichenko, Yuri"]
[Black "Bachmann, Axel"]
[WhiteElo "2586"]
[BlackElo "2577"]
[Result "0-1"]

1. e4 e5 2. Nf3 Nc6 3. Bb5 a6 4. Ba4 Nf6 5. O-O b5 6. Bb3 Bc5 7. a4 Bb7 8. d3 d6 9. Nc3 b4 10. Ne2 h6 11. c3 O-O 12. Ng3 bxc3 13. bxc3 Ne7 14. Nh4 Bc8 15. d4 Ba7 16. Ba3 exd4 17. cxd4 Be6 18. d5 Bg4 19. Qd3 Nd7 20. h3 Ne5 21. Qc3 Nxd5 22. Bxd5 Qxh4 23. Nf5 Bxf5 24. Bxa8 Bg4 25. hxg4 Nxg4 26. Qh3 Bxf2+ 27. Kh1 Rxa8 28. Rac1 c5 29. Qxh4 Bxh4 30. g3 Bxg3 31. Rg1 Nf2+ 32. Kg2 Nxe4 33. Rc4 Re8 34. Bb2 Nd2 35. Rc2 Bf4 36. Kh1 g5 37. Bc1 Re2 38. Rg2 Re1+ 39. Rg1 Rxg1+ 40. Kxg1 Nf3+ 41. Kf2 Nd4 

0-1

[Event "Iasi Open"]
[Site "?"]
[Date "2014.05.14"]
[Round "?"]
[White "Parligras, Mircea-Emilian"]
[Black "Bachmann, Axel"]
[WhiteElo "2559"]
[BlackElo "2589"]
[Result "0-1"]

1. d4 Nf6 2. c4 e6 3. Nc3 Bb4 4. Qc2 b6 5. e4 c5 6. d5 exd5 7. exd5 Qe7+ 8. Be2 Qe4 9. Qd2 Qg6 10. Qe3+ Qe4 11. Qd2 Qg6 12. Nf3 Ne4 13. Qe3 O-O 14. O-O Bxc3 15. Nh4 Qf6 16. Qxe4 Bxb2 17. Bxb2 Qxb2 18. Nf5 Qf6 19. Ne7+ Kh8 20. d6 Nc6 21. Nxc6 Bb7 22. Bd3 Qh6 23. Qxh7+ Qxh7 24. Bxh7 Bxc6 25. Bf5 g6 26. Bh3 Rae8 27. Rfe1 f5 28. g4 Re4 29. gxf5 gxf5 30. Rxe4 Bxe4 31. Rd1 Rf6 32. Kf1 Rg6 33. Rd2 Rg5 34. a4 Kg7 35. a5 Kf6 36. axb6 axb6 37. Rb2 Bd3+ 38. Ke1 Rh5 39. Bf1 Bxf1 40. Kxf1 Rxh2 41. Rxb6 Rh4 

0-1

[Event "31st Cappelle Open"]
[Site "?"]
[Date "2015.03.04"]
[Round "?"]
[White "Tomczak, Jacek"]
[Black "Bachmann, Axel"]
[WhiteElo "2552"]
[BlackElo "2601"]
[Result "0-1"]

1. e4 e5 2. Nf3 Nc6 3. d4 exd4 4. Nxd4 Bb4+ 5. c3 Bc5 6. Be3 Bb6 7. Qg4 g6 8. Nd2 d6 9. Qg3 Qe7 10. Bb5 Bd7 11. Bxc6 bxc6 12. O-O-O Nf6 13. h4 c5 14. Nc2 Qe6 15. Bg5 Nh5 16. Qf3 h6 17. Be3 Bc6 18. Rde1 Nf6 19. Qh3 Qxa2 20. e5 Nd7 21. exd6 O-O-O 22. dxc7 Bxc7 23. Bxc5 Bxg2 24. Qxg2 Nxc5 25. Nb4 Qa1+ 26. Nb1 Bf4+ 27. Re3 Bxe3+ 28. fxe3 Qa4 29. Na3 Rhe8 30. Qg4+ Rd7 31. Qc4 Rc7 32. Kb1 Qb3 33. Qb5 Rd8 34. Qe2 a5 35. Na2 Rb7 36. Ka1 Qd5 37. Nc1 Qxh1 

0-1

[Event "Championship CAT Gp2"]
[Site "?"]
[Date "2016.02.13"]
[Round "?"]
[White "Alonso Rosell, Alvar"]
[Black "Bachmann, Axel"]
[WhiteElo "2540"]
[BlackElo "2610"]
[Result "0-1"]

1. d4 c5 2. d5 g6 3. e4 Bg7 4. Nc3 d6 5. Bb5+ Nd7 6. a4 Nf6 7. Nf3 O-O 8. O-O Ne8 9. Re1 Nc7 10. Bf1 a6 11. Bf4 Rb8 12. e5 dxe5 13. Nxe5 Nxe5 14. Bxe5 Bxe5 15. Rxe5 b5 16. axb5 axb5 17. Qe1 b4 18. Na4 Qd6 19. Rd1 Bd7 20. Nxc5 Bf5 21. Rd2 f6 22. Rxf5 gxf5 23. Nb3 Kh8 24. Bc4 Ra8 25. Nd4 Qe5 26. Qf1 Ne8 27. Bb3 Nd6 28. Rd1 Rg8 29. f3 Rg6 30. Kh1 f4 31. Nc6 Qxb2 32. Nxe7 Rg7 33. Nc6 Nf5 34. Rb1 Qc3 35. Qe1 Ne3 36. Nxb4 Qe5 37. Nd3 Qd4 38. Qh4 Nxg2 39. Qf2 Ne3 40. Qe1 Rga7 

0-1

[Event "18th Sants Open"]
[Site "?"]
[Date "2016.08.23"]
[Round "?"]
[White "Cruz, Cristhian"]
[Black "Bachmann, Axel"]
[WhiteElo "2533"]
[BlackElo "2656"]
[Result "0-1"]

1. d4 Nf6 2. c4 e6 3. g3 Bb4+ 4. Bd2 a5 5. Bg2 d6 6. Nf3 Nbd7 7. O-O e5 8. Bg5 exd4 9. Nxd4 h6 10. Bf4 O-O 11. Qc2 a4 12. Rd1 Nb6 13. Nc3 Qe7 14. Qd3 Bc5 15. h3 c6 16. Rab1 d5 17. cxd5 Nbxd5 18. Nxd5 Nxd5 19. Bxd5 cxd5 20. Kg2 Bxd4 21. Qxd4 Bf5 22. Rbc1 Qxe2 23. Rd2 Be4+ 24. Kh2 Qf3 25. Rg1 g5 26. Bd6 Rfc8 27. Qe3 Qxe3 28. fxe3 Ra6 29. Be5 Rac6 30. Rgd1 h5 31. h4 Bf3 32. Rf1 Rc2 33. Rdf2 Be2 34. Re1 Bd3 35. Rxc2 Rxc2+ 36. Kg1 g4 37. a3 Be4 38. Rd1 f6 39. Bxf6 Rg2+ 40. Kf1 Rxg3 41. Bg5 Rh3 

0-1

[Event "5th LGA Premium Cup"]
[Site "?"]
[Date "2008.09.06"]
[Round "?"]
[White "Kunin, Vitaly"]
[Black "Bachmann, Axel"]
[WhiteElo "2532"]
[BlackElo "2511"]
[Result "0-1"]

1. d4 g6 2. c4 Bg7 3. Nc3 d6 4. e4 Nf6 5. Nge2 e5 6. d5 Nbd7 7. Ng3 a5 8. Be2 Nc5 9. h4 h5 10. Bg5 Bh6 11. Bxh6 Rxh6 12. Qd2 Rh8 13. O-O-O Bd7 14. Rdf1 Qe7 15. f4 Bg4 16. f5 Bxe2 17. Qxe2 Ng4 18. Kb1 O-O-O 19. Nd1 Rdg8 20. Ne3 Nf6 21. Qf3 g5 22. hxg5 Rxg5 23. Rh4 Rhg8 24. Ne2 Qf8 25. Rfh1 Kd7 26. R1h3 Rg4 27. Rxh5 Rxe4 28. R5h4 Qg7 29. Kc2 Ng4 30. Qxe4 Nxe4 31. Rxg4 Qxg4 32. Nxg4 Rxg4 33. g3 Ke7 34. b3 Rg8 35. Rh2 Kf6 36. Kd3 Kxf5 37. Ke3 Nf6 38. Rf2+ Kg5 39. Rf1 Ng4+ 40. Ke4 Nf6+ 41. Ke3 Ng4+ 42. Ke4 Rf8 43. Ng1 f5+ 44. Kd3 e4+ 45. Kd4 Rh8 46. Ne2 Rh2 47. Nf4 c5+ 48. dxc6 bxc6 49. Rd1 c5+ 50. Kc3 Ne3 51. Rc1 Kg4 52. a3 Kxg3 53. Ne6 Rh6 54. Ng5 Rg6 55. Nf7 f4 56. Kd2 Ng2 57. Rh1 f3 58. Nh6 e3+ 59. Kd3 Rxh6 60. Rxh6 e2 

0-1

[Event "3rd Grand Europe Open Golden Sands"]
[Site "?"]
[Date "2014.06.14"]
[Round "?"]
[White "Nikolov, Momchil"]
[Black "Bachmann, Axel"]
[WhiteElo "2518"]
[BlackElo "2619"]
[Result "0-1"]

1. d4 g6 2. c4 Bg7 3. e4 d6 4. Nc3 e5 5. Nge2 exd4 6. Nxd4 Ne7 7. h4 Nbc6 8. Be3 h5 9. Qd2 f5 10. exf5 Nxf5 11. Bg5 Qd7 12. Nxf5 Qxf5 13. Rh3 O-O 14. Bd3 Bxc3 15. bxc3 Qf7 16. Rf3 Bf5 17. Bxf5 gxf5 18. Bh6 Rfe8+ 19. Kf1 Kh7 20. Kg1 Ne5 21. Rg3 Nxc4 22. Qc1 Rg8 23. Bg5 Rae8 24. Qc2 Re4 25. Rd1 Rge8 26. Rf3 Qg6 27. Qb3 b6 28. Qb5 Ne5 29. Rg3 Qf7 30. Re3 c6 31. Qb1 d5 32. Qc1 Ng4 33. Red3 Qe6 34. Rf1 Qe5 35. g3 Re1 36. Rd1 Nxf2 37. Bf4 Nh3+ 

0-1